000 00868nam a2200301Ia 4500
001 6125
003 IT-RoPAU
008 130308s9999 xx 000 0 und d
040 _aIT-RoPAU
040 _cIT-RoPAU
041 _aITALIANO
100 _aRybajlo A.
100 _gCodice Aut. SPICS: 11934
245 _aArchivi di Mosca e Leningrado sull'attività del partito comunista nel campo del cinema (1928-1936)
245 _bFilm Urss '70-2-Materiali Critici e Informativi
250 _a1a ed.
260 _aVENEZIA
260 _bMarsilio
260 _c1980 [1° Ed.:1980 - Ed.Ling.Originale:1977]
300 _a"20 p. (prefazione: no ; testo: 20 [pagine: 272-291])"
500 _aCinema Sovietico
650 _aSTORIA NAZIONALE DEL CINEMA
650 _eCodice materia Spics: 6809
942 _cBK
957 _71
999 _c53816
_d53816
999 _bSI
999 _g1